Africa to 1875 : (Record no. 2060)

MARC details
000 -LEADER
fixed length control field 00721nam a22002177a 4500
003 - CONTROL NUMBER IDENTIFIER
control field BD-DhJNU
005 - DATE AND TIME OF LATEST TRANSACTION
control field 20250902040521.0
008 - FIXED-LENGTH DATA ELEMENTS--GENERAL INFORMATION
fixed length control field 250902b |||||||| |||| 00| 0 eng d
020 ## - INTERNATIONAL STANDARD BOOK NUMBER
International Standard Book Number 8122900135
020 ## - INTERNATIONAL STANDARD BOOK NUMBER
International Standard Book Number 8122900143
040 ## - CATALOGING SOURCE
Original cataloging agency BD-DhJNU
Language of cataloging ENG
Transcribing agency BD-DhJNU
Modifying agency BD-DhJNU
082 ## - DEWEY DECIMAL CLASSIFICATION NUMBER
Edition number 23
Classification number 960.2 HAA
100 ## - MAIN ENTRY--PERSONAL NAME
Personal name Hallett, Robin
245 ## - TITLE STATEMENT
Title Africa to 1875 :
Remainder of title a modern history /
Statement of responsibility, etc. Robin Hallett
260 ## - PUBLICATION, DISTRIBUTION, ETC.
Place of publication, distribution, etc. U. S. A. :
Name of publisher, distributor, etc. University of Michigan Press,
Date of publication, distribution, etc. 1970.
300 ## - PHYSICAL DESCRIPTION
Extent xii, 483, xx p. :
Other physical details ill. ;
Dimensions 25 cm
490 ## - SERIES STATEMENT
Materials specified Michigan. University of Michigan history of the modern world ;
504 ## - BIBLIOGRAPHY, ETC. NOTE
Bibliography, etc. note Includes bibliographical references and index
650 ## - SUBJECT ADDED ENTRY--TOPICAL TERM
Topical term or geographic name entry element Africa
General subdivision History
Geographic subdivision To 1884
942 ## - ADDED ENTRY ELEMENTS (KOHA)
Source of classification or shelving scheme Dewey Decimal Classification
Koha item type Books
Suppress in OPAC No
Holdings
Withdrawn status Lost status Source of classification or shelving scheme Damaged status Not for loan Collection Home library Current library Shelving location Date acquired Source of acquisition Total checkouts Full call number Barcode Date last seen Copy number Price effective from Koha item type
    Dewey Decimal Classification     Non-fiction Jagannath University Central Library Jagannath University Central Library General stacks 09/02/2025 Purchased   960.2 HAA JNUCL22210 09/02/2025 1 09/02/2025 Books